| 000 | 00890nam a22002897a 4500 | ||
|---|---|---|---|
| 003 | CHAP | ||
| 005 | 20220329134600.0 | ||
| 008 | 971013s r 00010 d | ||
| 010 | _a22509 | ||
| 011 | _a23481 | ||
| 035 | _a27577 | ||
| 040 | _cCHAP | ||
| 090 | _aFolleto 4102 | ||
| 245 | _aComisión de Aguas del Valle de México | ||
| 260 |
_a(México, D. F. : _bs.e.), _c(s.a.) |
||
| 300 | _a(s.p.) | ||
| 590 |
_aBATCH-UPD _b10 _c20130110 _lUCH01 _h1157 |
||
| 590 |
_aBATCH-UPD _b10 _c20130410 _lUCH01 _h0740 |
||
| 590 |
_aBATCH-UPD _b10 _c20130914 _lUCH01 _h2100 |
||
| 590 |
_aCONVERSION _b10 _c20130109 _lUCH01 _h1313 |
||
| 650 | 1 | 4 |
_aAgua _xAbastecimiento _xValle de Mexico. _92264 |
| 650 | 1 | 4 |
_aValle de México. _9117587 |
| 901 | _aBK | ||
| 942 | _cFOLL | ||
| 949 |
_aFolleto 4102 _bBC _cFOLL _d-63947 _eTS1 _i27577 _mD _si |
||
| 949 |
_aFolleto 4102 _bBC _cFOLL _d-63949 _eTS2 _fc.2 _i27577 _mD _si |
||
| 999 |
_c22509 _d22509 |
||